[Event "XXVII Festival Conca della Presolana B"]
[Site "Bratto - Castione della Presolana ITA"]
[Date "2007.08.31"]
[Round "8"]
[White "Pennati, Roberto"]
[Black "Vocaturo, Ilaria"]
[Result "1/2-1/2"]
[WhiteElo "1777"]
[BlackElo "1698"]
[PlyCount "87"]
[EventDate "2007.08.24"]

1. c4 e5 2. Nc3 Nc6 3. g3 Bc5 4. Bg2 d6 5. a3 a6 6. b4 Ba7 7. e3 Be6 8. d3 f5
9. Nge2 Nf6 10. Bb2 O-O 11. O-O Qe8 12. Nd5 Qf7 13. Nxf6+ Qxf6 14. Nf4 Qh6 15.
Nxe6 Rfc8 16. c5 Qxe6 17. d4 exd4 18. exd4 d5 19. Re1 Qd7 20. Bc1 Re8 21. Be3
Rad8 22. Qb3 Kh8 23. a4 Ne7 24. Bg5 c6 25. b5 axb5 26. axb5 Bb8 27. bxc6 bxc6
28. Rab1 h6 29. Bxe7 Rxe7 30. Rxe7 Qxe7 31. Qb7 Qxb7 32. Rxb7 Kg8 33. f4 g5 34.
fxg5 hxg5 35. Kf2 Re8 36. Bf1 Kf8 37. Bd3 f4 38. Bf5 Kg8 39. Bd7 Rf8 40. g4 f3
41. h3 Bg3+ 42. Kf1 Ra8 43. Rb1 Ra2 44. Bxc6 1/2-1/2

[Event "XXVII Festival Conca della Presolana B"]
[Site "Bratto - Castione della Presolana ITA"]
[Date "2007.08.31"]
[Round "8"]
[White "Primerano, Carlo"]
[Black "Delledonne, Francesco"]
[Result "0-1"]
[WhiteElo "1740"]
[BlackElo "1822"]
[PlyCount "78"]
[EventDate "2007.08.24"]

1. d4 d5 2. c4 c6 3. cxd5 cxd5 4. Nc3 Nf6 5. Nf3 Nc6 6. Bf4 Bf5 7. e3 e6 8. Bd3
Ne4 9. Bxe4 Bxe4 10. Nxe4 dxe4 11. Nd2 Qd5 12. O-O Nb4 13. Qb3 Nd3 14. Qxd5
exd5 15. f3 f5 16. fxe4 fxe4 17. Nb3 Nxb2 18. Rac1 Nc4 19. Nc5 Bxc5 20. dxc5
Kd7 21. Rfd1 Kc6 22. Rb1 Rhf8 23. h4 h5 24. g3 Rf7 25. Rd4 Kxc5 26. Rbd1 Rd8
27. Rxe4 dxe4 28. Rxd8 b5 29. Kf2 a5 30. Ke2 Kb4 31. Rd5 g6 32. Kd1 Re7 33. Kc2
Re6 34. Kb1 Ka4 35. Rd4 Ka3 36. Bh6 Rc6 37. Rd8 Nb2 38. Ra8 Nd3 39. Rxa5+ Kb4
0-1

[Event "XXVII Festival Conca della Presolana B"]
[Site "Bratto - Castione della Presolana ITA"]
[Date "2007.08.31"]
[Round "8"]
[White "Proietti, Giorgio"]
[Black "Spano' Cuomo, Gaetano"]
[Result "1-0"]
[WhiteElo "1878"]
[BlackElo "1861"]
[PlyCount "81"]
[EventDate "2007.08.24"]

1. d4 f5 2. e4 fxe4 3. Nc3 Nf6 4. Bg5 e6 5. Nxe4 Be7 6. Bxf6 Bxf6 7. Nf3 b6 8.
Bd3 Bb7 9. Qe2 Qe7 10. c3 c5 11. dxc5 bxc5 12. O-O O-O 13. Rad1 d5 14. Nxf6+
gxf6 15. Rfe1 e5 16. Bf5 Kh8 17. Nh4 Qf7 18. Qe3 Na6 19. Qh3 Bc8 20. Re3 Nc7
21. Rg3 Qh5 22. Rd2 Bxf5 23. Qxf5 Qxh4 24. Rh3 Qe4 25. Rxh7+ Kg8 26. Qxe4 dxe4
27. Rxc7 Rfc8 28. Rdd7 Rxc7 29. Rxc7 Rd8 30. Kf1 Rd2 31. Rxc5 Rxb2 32. Ra5 Rc2
33. Rxa7 Rxc3 34. a4 Kf8 35. a5 f5 36. Rd7 f4 37. a6 f3 38. gxf3 exf3 39. Ke1
e4 40. a7 Ra3 41. Rd8+ 1-0

[Event "XXVII Festival Conca della Presolana B"]
[Site "Bratto - Castione della Presolana ITA"]
[Date "2007.08.31"]
[Round "8"]
[White "Raselli, Claudio"]
[Black "Rombaldoni, Brian"]
[Result "0-1"]
[WhiteElo "1985"]
[BlackElo "1812"]
[PlyCount "60"]
[EventDate "2007.08.24"]

1. d4 c6 2. c4 d5 3. e3 Nf6 4. Nf3 Bf5 5. Nc3 h6 6. cxd5 Nxd5 7. Bd3 Bxd3 8.
Qxd3 e6 9. e4 Nf6 10. O-O Nbd7 11. Be3 Be7 12. Rab1 O-O 13. b4 Nb6 14. a4 a5
15. bxa5 Rxa5 16. d5 Nxa4 17. Nxa4 Rxa4 18. Rxb7 cxd5 19. Bb6 Qe8 20. e5 Nd7
21. Qb5 Nxe5 22. Qxe8 Nxf3+ 23. gxf3 Rxe8 24. Rc1 Bd6 25. Rc6 Bf4 26. Bc7 Rc8
27. Rb8 Rxb8 28. Bxb8 Bxb8 29. Rc8+ Kh7 30. Rxb8 d4 0-1

[Event "XXVII Festival Conca della Presolana B"]
[Site "Bratto - Castione della Presolana ITA"]
[Date "2007.08.31"]
[Round "8"]
[White "Sala, Giovanni"]
[Black "Saracco, Marco"]
[Result "1-0"]
[WhiteElo "1935"]
[BlackElo "1840"]
[PlyCount "89"]
[EventDate "2007.08.24"]

1. Nf3 Nf6 2. g3 b6 3. Bg2 Bb7 4. O-O g6 5. d3 Bg7 6. e4 d6 7. c3 e5 8. Re1 O-O
9. Nbd2 Nc6 10. Nc4 Re8 11. Ne3 Ne7 12. c4 c5 13. Nd5 Nfxd5 14. cxd5 Bc8 15.
Bd2 Ba6 16. Bf1 h6 17. Qa4 Bc8 18. b4 Bd7 19. Qa3 Qc7 20. Rac1 Bg4 21. Bg2 Qd7
22. Bc3 Kh7 23. bxc5 bxc5 24. Nd2 g5 25. Nc4 Reb8 26. f3 Bh5 27. Qa6 Nc8 28.
Rb1 Bf8 29. Na5 Qc7 30. Nc6 Rb6 31. Qc4 Qb7 32. Rxb6 Nxb6 33. Qb5 Qc8 34. a4
Kg8 35. a5 Nd7 36. Rb1 a6 37. Qb7 Qe8 38. Qc7 Rc8 39. Qa7 Ra8 40. Qc7 Rc8 41.
Qb7 Ra8 42. Bh3 Nf6 43. g4 Bg6 44. Rb6 Nd7 45. Rxa6 1-0

[Event "XXVII Festival Conca della Presolana B"]
[Site "Bratto - Castione della Presolana ITA"]
[Date "2007.08.31"]
[Round "8"]
[White "Scarpellini, Felice"]
[Black "Franzini, Stefano"]
[Result "1/2-1/2"]
[WhiteElo "1848"]
[BlackElo "1905"]
[PlyCount "32"]
[EventDate "2007.08.24"]

1. c4 Nf6 2. Nc3 e6 3. g3 d5 4. cxd5 exd5 5. d4 c6 6. Bg2 Bf5 7. Nf3 Na6 8. a3
Nc7 9. O-O Bd6 10. Bg5 h6 11. Bxf6 Qxf6 12. Rc1 O-O 13. Na4 Rfe8 14. Nc5 Bxc5
15. Rxc5 Ne6 16. Rc1 Nf8 1/2-1/2

[Event "XXVII Festival Conca della Presolana B"]
[Site "Bratto - Castione della Presolana ITA"]
[Date "2007.08.31"]
[Round "8"]
[White "Tonel, Giulia"]
[Black "Mansueti, Marco"]
[Result "1/2-1/2"]
[WhiteElo "1934"]
[BlackElo "1703"]
[PlyCount "54"]
[EventDate "2007.08.24"]

1. e4 e5 2. Nf3 Nc6 3. Bc4 Nf6 4. d3 Bc5 5. Nbd2 O-O 6. O-O d6 7. c3 a5 8. Bb3
b5 9. a4 b4 10. h3 h6 11. Re1 Re8 12. Nc4 bxc3 13. bxc3 Bb7 14. Ne3 Ne7 15. Ng4
Ng6 16. Nfh2 Nxg4 17. Qxg4 Qf6 18. Qg3 Bc8 19. Ng4 Bxg4 20. hxg4 Nf4 21. d4 Bb6
22. Bxf4 Qxf4 23. Qxf4 exf4 24. Kh2 g5 25. g3 fxg3+ 26. Kxg3 Kg7 27. f4 f6
1/2-1/2

[Event "XXVII Festival Conca della Presolana B"]
[Site "Bratto - Castione della Presolana ITA"]
[Date "2007.08.31"]
[Round "8"]
[White "Trussardi, Giuseppe"]
[Black "Rozzoni, Davide"]
[Result "1/2-1/2"]
[WhiteElo "1702"]
[BlackElo "1786"]
[PlyCount "24"]
[EventDate "2007.08.24"]

1. c4 Nh6 2. Nc3 g6 3. e4 d6 4. g3 c6 5. Bg2 Bg7 6. Nge2 O-O 7. O-O f5 8. d3 e5
9. h3 Nd7 10. Rb1 a5 11. Be3 Nf7 12. Qd2 Nf6 1/2-1/2

[Event "IX Festival A"]
[Site "Trieste ITA"]
[Date "2007.09.01"]
[Round "1"]
[White "Bagaturov, Giorgi"]
[Black "Heikkila, Antti"]
[Result "1-0"]
[WhiteElo "2474"]
[BlackElo "2071"]
[PlyCount "75"]
[EventDate "2007.09.01"]

1. d4 c5 2. d5 g6 3. e4 Bg7 4. c4 d6 5. Be2 Nf6 6. Nc3 O-O 7. Nf3 e6 8. Nd2
exd5 9. cxd5 b6 10. O-O Ba6 11. Bxa6 Nxa6 12. Nc4 Nc7 13. a4 Nfe8 14. Re1 Rb8
15. Bf4 f6 16. h3 Rf7 17. Qd2 Rd7 18. Rad1 Na6 19. Nb5 Nb4 20. Nd4 cxd4 21.
Qxb4 a6 22. Na3 Nc7 23. Nc2 a5 24. Qd2 Na6 25. Nxd4 Rc8 26. Ne6 Qe7 27. Be3 Nc5
28. Bxc5 bxc5 29. Qxa5 Ra7 30. Qb5 Rb7 31. Qe2 Rb4 32. a5 Rcb8 33. Rd2 Ra4 34.
Qa6 h5 35. f4 Qb7 36. Qxd6 Rxa5 37. Nxg7 Kxg7 38. e5 1-0

[Event "IX Festival A"]
[Site "Trieste ITA"]
[Date "2007.09.01"]
[Round "1"]
[White "Bevilacqua, Andrea"]
[Black "Brunello, Sabino"]
[Result "1/2-1/2"]
[WhiteElo "2102"]
[BlackElo "2475"]
[PlyCount "103"]
[EventDate "2007.09.01"]

1. e4 e5 2. Nf3 Nc6 3. d4 exd4 4. Nxd4 Bc5 5. Nxc6 Qf6 6. Qf3 bxc6 7. Bd3 d6 8.
Nd2 Bd4 9. O-O Rb8 10. c3 Qxf3 11. Nxf3 Bf6 12. Re1 Ne7 13. Rb1 Be6 14. Re2 c5
15. e5 dxe5 16. Nxe5 O-O 17. Bf4 Rfd8 18. Be4 Bxa2 19. Ra1 Bxe5 20. Bxe5 Bc4
21. Ree1 Rxb2 22. Rxa7 Re2 23. Raa1 Rxe1+ 24. Rxe1 Rd7 25. h3 f6 26. Bf4 Bd5
27. Rd1 c4 28. Bxc7 Kf7 29. Bb6 f5 30. Bc2 Rb7 31. Bc5 Be6 32. Rb1 Rxb1+ 33.
Bxb1 Nd5 34. Bd4 g6 35. Bc2 Bd7 36. g3 Ke6 37. f4 Kd6 38. Bd1 Ne7 39. Kf2 Bc6
40. g4 fxg4 41. hxg4 Be4 42. Kg3 Ke6 43. Be2 Kd5 44. Bf6 Nc8 45. Kh4 Nd6 46.
Be5 Nf7 47. Bd4 Nd8 48. Bf6 Ne6 49. Kg3 Nc5 50. Kf2 Nd3+ 51. Bxd3 cxd3 52. g5
1/2-1/2

[Event "IX Festival A"]
[Site "Trieste ITA"]
[Date "2007.09.01"]
[Round "1"]
[White "Bosiocic, Marin"]
[Black "Panican, Gheorghe"]
[Result "1-0"]
[WhiteElo "2496"]
[BlackElo "2106"]
[PlyCount "117"]
[EventDate "2007.09.01"]

1. d4 Nf6 2. Bg5 g6 3. Bxf6 exf6 4. e3 Bg7 5. c4 d6 6. Nc3 f5 7. g3 Nd7 8. Bg2
Nf6 9. Nge2 O-O 10. O-O c6 11. b4 Re8 12. b5 Bd7 13. Rb1 Qa5 14. Qd3 Rab8 15.
Rb2 Qc7 16. Rfb1 Bf8 17. a4 Rec8 18. b6 axb6 19. Rxb6 Be8 20. Qc2 Nd7 21. R6b3
b6 22. Nc1 Ra8 23. Nd3 Ra5 24. Qe2 c5 25. Nb5 Qb8 26. Nb2 Nf6 27. Qd3 Bxb5 28.
axb5 Rc7 29. Bc6 Rca7 30. Nd1 Qc7 31. Nc3 Qe7 32. Rd1 Ra1 33. Kg2 Rxd1 34. Qxd1
Ra5 35. Ne2 Ra2 36. dxc5 dxc5 37. Rd3 Bh6 38. Nc3 Rb2 39. Qc1 Rb4 40. Na2 Ra4
41. Qc2 Ra7 42. Nc3 Bg7 43. Qd2 h6 44. Rd8+ Kh7 45. Ra8 Rxa8 46. Bxa8 Qa7 47.
Bf3 Qa5 48. Qc2 Ng4 49. Ne2 Nf6 50. Nf4 Qa7 51. Bd5 Bf8 52. Qc3 Bg7 53. Qd3 Bf8
54. h4 Bd6 55. Nh3 Qe7 56. Bf3 Ne4 57. Qd5 Kg7 58. Qc6 Bc7 59. Ng1 1-0

[Event "IX Festival A"]
[Site "Trieste ITA"]
[Date "2007.09.01"]
[Round "1"]
[White "Capaliku, Aleks"]
[Black "Borisek, Jure"]
[Result "0-1"]
[WhiteElo "2112"]
[BlackElo "2506"]
[PlyCount "52"]
[EventDate "2007.09.01"]

1. f4 d5 2. Nf3 g6 3. e3 Bg7 4. d4 c5 5. c3 Nf6 6. Bd3 O-O 7. Nbd2 b6 8. O-O
Ba6 9. Bxa6 Nxa6 10. Qe2 Nc7 11. dxc5 bxc5 12. e4 e6 13. e5 Nd7 14. c4 f6 15.
b3 fxe5 16. fxe5 Rf5 17. cxd5 Nxe5 18. Bb2 Nxf3+ 19. Nxf3 Bxb2 20. Qxb2 Nxd5
21. Rae1 Qd6 22. Qd2 Raf8 23. Re4 Qb6 24. Rfe1 Nf4 25. Ne5 c4+ 26. Qe3 Ne2+ 0-1

[Event "IX Festival A"]
[Site "Trieste ITA"]
[Date "2007.09.01"]
[Round "1"]
[White "Hendriks, Willy"]
[Black "Milazzo, Mario"]
[Result "1-0"]
[WhiteElo "2420"]
[BlackElo "1971"]
[PlyCount "109"]
[EventDate "2007.09.01"]

1. e4 e5 2. Bc4 Nf6 3. d3 c6 4. Nf3 d5 5. Bb3 Qd6 6. O-O Bg4 7. h3 dxe4 8. hxg4
exf3 9. Qxf3 Nbd7 10. Nc3 h6 11. Be3 Be7 12. Rad1 O-O 13. d4 Qc7 14. Qf5 exd4
15. Bxd4 c5 16. Bxf6 Nxf6 17. Nd5 Nxd5 18. Bxd5 Rae8 19. Rfe1 Bd8 20. g3 b6 21.
Bc4 Rxe1+ 22. Rxe1 Qd6 23. Re3 g6 24. Qe4 Kg7 25. Rd3 Qc7 26. Bb5 Qc8 27. Rd7
a6 28. Bc6 Bf6 29. c3 Rd8 30. Rb7 b5 31. a4 b4 32. Qc4 Rf8 33. Bd5 bxc3 34.
bxc3 Qe8 35. Kg2 Qe1 36. Bxf7 Be7 37. Qe6 Qxe6 38. Bxe6 Kf6 39. Bc4 Ra8 40.
Rb6+ Kg7 41. Rxa6 Rxa6 42. Bxa6 Bf6 43. c4 Bc3 44. f4 Kf6 45. Kf3 Be1 46. Bb5
Ke6 47. Be8 g5 48. Ke4 Bc3 49. f5+ Kd6 50. Kd3 Be1 51. f6 Bxg3 52. f7 Ke7 53.
a5 Bb8 54. Ke4 Ba7 55. Kf5 1-0

[Event "IX Festival A"]
[Site "Trieste ITA"]
[Date "2007.09.01"]
[Round "1"]
[White "Jeran, Bostjan"]
[Black "Komarov, Dimitri"]
[Result "0-1"]
[WhiteElo "2153"]
[BlackElo "2550"]
[PlyCount "154"]
[EventDate "2007.09.01"]

1. e4 e6 2. d3 d5 3. Nd2 Nf6 4. Ngf3 b6 5. e5 Nfd7 6. g3 c5 7. c3 Ba6 8. d4 Qc8
9. Qa4 Bxf1 10. Kxf1 Nc6 11. Kg2 Rb8 12. Qb5 Be7 13. h4 h6 14. a3 c4 15. b4
cxb3 16. Nxb3 a6 17. Qd3 b5 18. h5 Qc7 19. g4 Rc8 20. g5 Nd8 21. gxh6 gxh6 22.
Bd2 Qc4 23. Qxc4 Rxc4 24. a4 Rxa4 25. Rxa4 bxa4 26. Na5 Rg8+ 27. Kh3 f6 28. Ra1
fxe5 29. Nxe5 Nxe5 30. dxe5 a3 31. Bxh6 Rh8 32. Bc1 Rxh5+ 33. Kg2 Rxe5 34. Bxa3
Bf6 35. Bb4 Re2 36. Kf3 Rc2 37. Ra3 Kf7 38. Ke3 Kg6 39. f3 Kf5 40. Kd3 Rf2 41.
Ke3 Rh2 42. Nb3 Nc6 43. Bd6 Rc2 44. Rxa6 Rxc3+ 45. Ke2 Rxb3 46. Rxc6 Rb2+ 47.
Kd3 Bg5 48. Rc2 Rb3+ 49. Rc3 Rb1 50. Rc8 e5 51. Rf8+ Ke6 52. Bc7 Bf4 53. Rb8
Re1 54. Rb6+ Kd7 55. Bb8 Re3+ 56. Kc2 Kc8 57. Rb5 d4 58. Bd6 Kd7 59. Bb8 Kc6
60. Rb3 Re2+ 61. Kd3 Rd2+ 62. Ke4 Kc5 63. Bxe5 Bxe5 64. Kxe5 Re2+ 65. Kf5 Re3
66. Rb8 Rxf3+ 67. Ke4 Re3+ 68. Kf4 Re7 69. Rd8 Kc4 70. Kf3 d3 71. Rc8+ Kd4 72.
Kf2 d2 73. Rd8+ Kc3 74. Rc8+ Kd3 75. Rd8+ Kc2 76. Rc8+ Kd1 77. Rh8 Rc7 0-1

[Event "IX Festival A"]
[Site "Trieste ITA"]
[Date "2007.09.01"]
[Round "1"]
[White "Marzano, Carlo"]
[Black "Baklan, Vladimir"]
[Result "0-1"]
[WhiteElo "2230"]
[BlackElo "2648"]
[PlyCount "52"]
[EventDate "2007.09.01"]

1. Nc3 c5 2. d4 cxd4 3. Qxd4 Nc6 4. Qh4 d5 5. e4 d4 6. Nd5 Nf6 7. Bc4 Be6 8.
Nxf6+ exf6 9. Bxe6 Bb4+ 10. Kf1 fxe6 11. Qh5+ g6 12. Qg4 Qd7 13. Nf3 O-O-O 14.
h4 f5 15. Qf4 Bd6 16. Qd2 fxe4 17. Nxd4 Bb4 18. c3 Nxd4 19. cxb4 Qb5+ 20. Ke1
Nf3+ 21. gxf3 Rxd2 22. Bxd2 exf3 23. Kd1 Qe2+ 24. Kc2 Rd8 25. Rad1 Qxf2 26. Kc1
Qe2 0-1

[Event "IX Festival A"]
[Site "Trieste ITA"]
[Date "2007.09.01"]
[Round "1"]
[White "Pasquotto, Mirko"]
[Black "Mazi, Leon"]
[Result "0-1"]
[WhiteElo "1960"]
[BlackElo "2352"]
[PlyCount "62"]
[EventDate "2007.09.01"]

1. e4 Nf6 2. e5 Nd5 3. d4 d6 4. Nf3 Nb6 5. Nc3 Bg4 6. exd6 exd6 7. Be2 Be7 8.
O-O O-O 9. Ne4 N8d7 10. h3 Bh5 11. Ng3 Bg6 12. Bd3 Re8 13. Re1 Nf8 14. c3 Qd7
15. Be3 Nd5 16. Qd2 c6 17. Ne2 Bh5 18. Ng5 Nxe3 19. Qxe3 h6 20. Ne4 d5 21. N2g3
dxe4 22. Nxh5 exd3 23. Qxd3 Bd6 24. Re3 Rxe3 25. fxe3 Qe6 26. Rf1 Re8 27. Rf3
Qg6 28. Qxg6 fxg6 29. Ng3 Nh7 30. e4 Ng5 31. Re3 Bxg3 0-1

[Event "IX Festival A"]
[Site "Trieste ITA"]
[Date "2007.09.01"]
[Round "1"]
[White "Plani, Andrea"]
[Black "Stock, Lara"]
[Result "0-1"]
[WhiteElo "1906"]
[BlackElo "2297"]
[PlyCount "78"]
[EventDate "2007.09.01"]

1. Nc3 d5 2. e4 d4 3. Nce2 e5 4. Ng3 Nc6 5. Bc4 Qf6 6. N1e2 h5 7. h4 Na5 8. Bb3
Nxb3 9. axb3 d3 10. cxd3 Ne7 11. d4 exd4 12. d3 Bg4 13. Bg5 Qb6 14. Qc2 Be6 15.
O-O Bxb3 16. Qd2 f6 17. Bf4 Nc6 18. Nc1 Be6 19. Qe2 Qb5 20. Bxc7 Rc8 21. Bf4 g5
22. hxg5 fxg5 23. Bd2 Rc7 24. Nf5 Bxf5 25. exf5+ Re7 26. Qf3 g4 27. Qd1 Qxf5
28. Ne2 h4 29. Nf4 Bh6 30. Ne2 Qxd3 31. Bxh6 Qxe2 32. Qc1 h3 33. Qg5 Qe6 34.
Rfe1 Qxh6 35. Qxg4 Ne5 36. Qc8+ Kf7 37. Qf5+ Qf6 38. Qxf6+ Kxf6 39. gxh3 Nf3+
0-1

[Event "IX Festival A"]
[Site "Trieste ITA"]
[Date "2007.09.01"]
[Round "1"]
[White "Ramesa, Davor"]
[Black "Tonel, Giulia"]
[Result "1-0"]
[WhiteElo "2310"]
[BlackElo "1934"]
[PlyCount "81"]
[EventDate "2007.09.01"]

1. Nf3 Nf6 2. c4 e6 3. d4 d5 4. cxd5 exd5 5. Bg5 Be7 6. Nc3 c6 7. Qc2 Nbd7 8.
e3 O-O 9. Bd3 Re8 10. O-O Nf8 11. Rab1 a5 12. h3 Nh5 13. Bxe7 Qxe7 14. a3 g6
15. b4 axb4 16. axb4 b5 17. Ne5 Bb7 18. Be2 Ng7 19. Rfe1 Nf5 20. Nd3 Nd6 21.
Nc5 Bc8 22. Bd3 Qg5 23. Kf1 Qf6 24. Kg1 Qg5 25. Kh1 f5 26. Ne2 Qf6 27. Ra1 Be6
28. Rxa8 Rxa8 29. Nxe6 Qxe6 30. Qxc6 Rc8 31. Qa6 Qd7 32. Ra1 Ne6 33. Qa7 Nc7
34. Qc5 Nc4 35. Ra7 Qd8 36. Qc6 Ne8 37. Qe6+ Kh8 38. Bxc4 dxc4 39. Nc3 Nc7 40.
Qe5+ Kg8 41. Nxb5 1-0

[Event "IX Festival A"]
[Site "Trieste ITA"]
[Date "2007.09.01"]
[Round "1"]
[White "Riondino, Michele"]
[Black "Efimov, Igor"]
[Result "0-1"]
[WhiteElo "1991"]
[BlackElo "2426"]
[PlyCount "84"]
[EventDate "2007.09.01"]

1. e4 c5 2. Nc3 e6 3. g3 Nc6 4. Bg2 Nf6 5. d3 Be7 6. f4 d5 7. e5 Nd7 8. Nh3 h5
9. O-O g6 10. Ng5 Ndxe5 11. fxe5 Bxg5 12. Qe2 a6 13. Rf6 Bxf6 14. exf6 Kf8 15.
Bg5 b6 16. Qd2 Kg8 17. Rf1 Ra7 18. Bh3 Qe8 19. Re1 Qf8 20. Bg2 Rd7 21. Qf2 Qd8
22. Bh3 Rd6 23. Nb1 e5 24. Bxc8 Qxc8 25. Rf1 Qg4 26. h4 Nd4 27. Kg2 Kh7 28. Nc3
Nf5 29. Qe1 Re8 30. Kh2 Nd4 31. Qe3 Nxc2 32. Qd2 Nd4 33. Qe3 Nf5 34. Qe1 Ree6
35. a4 e4 36. dxe4 Nd4 37. Qe3 dxe4 38. Rf4 Nf3+ 39. Kg2 Rd3 40. Qc1 e3 41. Ne2
Nxh4+ 42. Bxh4 Qxe2+ 0-1

[Event "IX Festival A"]
[Site "Trieste ITA"]
[Date "2007.09.01"]
[Round "1"]
[White "Schlosser, Philipp"]
[Black "Aroven, Mikael"]
[Result "1-0"]
[WhiteElo "2562"]
[BlackElo "2169"]
[PlyCount "159"]
[EventDate "2007.09.01"]

1. c4 c5 2. Nf3 g6 3. d4 cxd4 4. Nxd4 Nf6 5. Nc3 Nc6 6. Nc2 Bg7 7. e4 O-O 8.
Be2 d6 9. O-O Nd7 10. Bd2 a5 11. f3 Nc5 12. Be3 Be6 13. Qd2 a4 14. Rab1 Qa5 15.
Rfc1 Bxc3 16. bxc3 Ne5 17. Na3 Rfc8 18. Rb5 Qd8 19. Rcb1 Rc7 20. Bd4 Ned7 21.
Qe3 Qf8 22. f4 f6 23. e5 Re8 24. Bf3 Qh6 25. exd6 exd6 26. Bd5 Qf8 27. Qf3 Qf7
28. R5b2 Bxd5 29. cxd5 Ne4 30. c4 Ndc5 31. Nb5 Rd7 32. Re2 f5 33. Rbe1 Rc8 34.
Qa3 h6 35. h3 Kh7 36. Kh2 Qf8 37. Rb1 Qd8 38. Rb4 Qh4 39. Qf3 Rf8 40. Nc3 g5
41. Nxe4 fxe4 42. Rxe4 Rxf4 43. Rxf4 Qxf4+ 44. Qxf4 gxf4 45. Bxc5 dxc5 46. Rxa4
Kg6 47. Ra7 Kf5 48. a4 Ke4 49. a5 Rd6 50. Rxb7 Ra6 51. Rb6 Rxa5 52. Rxh6 Ra4
53. Re6+ Kf5 54. h4 Rxc4 55. h5 Ra4 56. h6 Ra7 57. Rc6 Rh7 58. Kg1 Ke5 59. Rxc5
Rxh6 60. Kf2 Ra6 61. d6+ Kd4 62. d7 Rd6 63. Rf5 Ke4 64. Rf7 Rd2+ 65. Ke1 Rd6
66. Ke2 Ke5 67. Kf3 Rd4 68. Kg4 Ke6 69. Rxf4 Rxd7 70. Kh5 Rd5+ 71. Kg6 Rd1 72.
g4 Rh1 73. Re4+ Kd7 74. g5 Rf1 75. Kg7 Rg1 76. g6 Rg2 77. Kf7 Rf2+ 78. Kg8 Rg2
79. g7 Rf2 80. Kh7 1-0

[Event "IX Festival A"]
[Site "Trieste ITA"]
[Date "2007.09.01"]
[Round "1"]
[White "Tocchioni, Doriano"]
[Black "Miele, Roberto"]
[Result "1-0"]
[WhiteElo "2261"]
[BlackElo "1900"]
[PlyCount "75"]
[EventDate "2007.09.01"]

1. Nf3 Nf6 2. d4 g6 3. Bg5 Bg7 4. Nbd2 d5 5. Bxf6 Bxf6 6. e4 dxe4 7. Nxe4 Bg7
8. Bc4 Bf5 9. Qe2 Nd7 10. Ng3 Nb6 11. Bxf7+ Kxf7 12. Ng5+ Ke8 13. Nxf5 gxf5 14.
Ne6 Qd6 15. Nxg7+ Kd7 16. Nxf5 Qf6 17. Ne3 Raf8 18. O-O Kc8 19. Rad1 Rhg8 20.
c4 Qg5 21. g3 h5 22. h4 Qg6 23. c5 Nd7 24. Nd5 Re8 25. Nxe7+ Kd8 26. Nxg6 Rxe2
27. Nf4 Rxb2 28. Rb1 Rxa2 29. Rxb7 Kc8 30. Rfb1 Nb6 31. c6 Ra4 32. Ne6 Re8 33.
Rxc7+ Kb8 34. d5 Ra5 35. Rb7+ Kc8 36. Nc7 Re2 37. Nb5 Nxd5 38. Nd6+ 1-0

[Event "IX Festival A"]
[Site "Trieste ITA"]
[Date "2007.09.01"]
[Round "1"]
[White "Tonon, Alessandro"]
[Black "Pavasovic, Dusko"]
[Result "0-1"]
[WhiteElo "2186"]
[BlackElo "2584"]
[PlyCount "55"]
[EventDate "2007.09.01"]

1. Nf3 d5 2. d4 Nf6 3. c4 e6 4. g3 dxc4 5. Bg2 b5 6. a4 c6 7. O-O a6 8. b3 cxb3
9. Qxb3 Bb7 10. Ne5 Qxd4 11. Bb2 Qb4 12. Qc2 Qc5 13. Qb3 Be7 14. Rc1 Qb6 15.
Nxf7 Kxf7 16. Nd2 Nbd7 17. Bh3 c5 18. a5 Qd6 19. Nf3 Bxf3 20. exf3 c4 21. Qe3
Nd5 22. Qe4 Bf6 23. Bd4 Bxd4 24. Qxd4 Ne5 25. Rc3 Nd3 26. Rxd3 cxd3 27. Re1
Rhe8 28. Re5 0-1

[Event "IX Festival A"]
[Site "Trieste ITA"]
[Date "2007.09.02"]
[Round "2"]
[White "Baklan, Vladimir"]
[Black "Tratar, Marko"]
[Result "1-0"]
[WhiteElo "2648"]
[BlackElo "2491"]
[PlyCount "85"]
[EventDate "2007.09.01"]

1. e4 e6 2. d4 d5 3. Nd2 dxe4 4. Nxe4 Nd7 5. Nf3 Ngf6 6. Nxf6+ Nxf6 7. c3 c5 8.
Be3 Qc7 9. Ne5 a6 10. Qa4+ Nd7 11. O-O-O cxd4 12. Nxd7 Bxd7 13. Qxd4 Bc6 14.
Bc4 b5 15. Bb3 Bxg2 16. Rhe1 Bf3 17. Bg5 Bxd1 18. Bxe6 fxe6 19. Rxe6+ Be7 20.
Rxe7+ Qxe7 21. Bxe7 Kxe7 22. Qxg7+ Ke6 23. Kxd1 Rad8+ 24. Ke2 Rhe8 25. Qxh7
Kd5+ 26. Kf1 Rd6 27. Qb7+ Ke5 28. h4 Ree6 29. Qf3 Rh6 30. Ke2 Rxh4 31. Qg3+ Rf4
32. Ke3 Rdf6 33. b3 a5 34. c4 bxc4 35. bxc4 a4 36. c5 Kd5 37. Qxf4 Rxf4 38.
Kxf4 Kxc5 39. Ke4 Kb4 40. f4 Ka3 41. f5 Kxa2 42. f6 a3 43. f7 1-0

[Event "IX Festival A"]
[Site "Trieste ITA"]
[Date "2007.09.02"]
[Round "2"]
[White "Barletta, Mauro"]
[Black "Bevilacqua, Andrea"]
[Result "1-0"]
[WhiteElo "2257"]
[BlackElo "2102"]
[PlyCount "119"]
[EventDate "2007.09.01"]

1. c4 e5 2. g3 g6 3. e4 Bg7 4. Bg2 Ne7 5. Ne2 c5 6. Nbc3 d6 7. a3 Nbc6 8. Rb1
O-O 9. d3 Bd7 10. b4 b6 11. O-O Nc8 12. Nd5 N6e7 13. Bg5 f6 14. Be3 Nxd5 15.
cxd5 Ne7 16. Qd2 Qc8 17. bxc5 bxc5 18. Qa5 Qd8 19. Qa6 Bc8 20. Qc4 Kh8 21. Bd2
f5 22. Rb3 h6 23. Rfb1 Bd7 24. Qa6 Bc8 25. Qa5 Qxa5 26. Bxa5 Ba6 27. Bc7 Nc8
28. Nc1 Rf7 29. Ba5 Kh7 30. Rb8 Rxb8 31. Rxb8 Rb7 32. Rxb7 Bxb7 33. Bh3 fxe4
34. dxe4 Bf6 35. Bc7 Be7 36. Bf1 Kg7 37. Bb5 Kf7 38. Nb3 Nb6 39. Na5 Bc8 40.
Bxb6 axb6 41. Nc4 Bg4 42. Nxb6 Bd8 43. Nc4 Ke7 44. Kf1 Bf3 45. Nd2 Bd1 46. f4
exf4 47. gxf4 Bc2 48. Ke2 Ba5 49. Nc4 Bc3 50. e5 dxe5 51. d6+ Kd8 52. fxe5 Bf5
53. a4 Be6 54. Kd3 Bxc4+ 55. Kxc3 Bd5 56. Bc4 Bc6 57. a5 Kd7 58. a6 g5 59. a7
Ba8 60. Bb5+ 1-0

[Event "IX Festival A"]
[Site "Trieste ITA"]
[Date "2007.09.02"]
[Round "2"]
[White "Brunello, Sabino"]
[Black "Tocchioni, Doriano"]
[Result "1-0"]
[WhiteElo "2475"]
[BlackElo "2261"]
[PlyCount "103"]
[EventDate "2007.09.01"]

1. e4 c6 2. d4 d5 3. e5 Bf5 4. Nf3 e6 5. Be2 Nd7 6. O-O a6 7. b3 Bg6 8. c4 Ne7
9. Nc3 Nf5 10. g4 Nh4 11. Nxh4 Qxh4 12. c5 h5 13. g5 Qh3 14. Bd2 Bd3 15. f3 Qf5
16. Be3 Bxe2 17. Nxe2 h4 18. Qb1 Be7 19. Qxf5 exf5 20. f4 Nf8 21. Rf3 Ng6 22.
Nc3 Kd7 23. Kf2 Bd8 24. Ke2 Ba5 25. Na4 Rae8 26. Rf2 Re6 27. Rb1 Bd8 28. b4 Nf8
29. Nb2 Rg6 30. a4 Ne6 31. Nd3 b5 32. cxb6 Bxb6 33. Nc5+ Bxc5 34. bxc5 f6 35.
gxf6 gxf6 36. exf6 Rxf6 37. Rb7+ Kd8 38. Rb6 Nc7 39. Rg2 Re8 40. Kf3 Rfe6 41.
Bf2 Kd7 42. Rg5 Rf6 43. Rg7+ Kc8 44. Rh7 Rfe6 45. Rxh4 Kd7 46. Rh5 Re4 47. Rxf5
Ne6 48. Rf7+ Re7 49. Rb7+ Nc7 50. Rxe7+ Rxe7 51. f5 Kc8 52. Rb6 1-0

[Event "IX Festival A"]
[Site "Trieste ITA"]
[Date "2007.09.02"]
[Round "2"]
[White "Drazic, Sinisa"]
[Black "Tiviakov, Sergei"]
[Result "0-1"]
[WhiteElo "2480"]
[BlackElo "2648"]
[PlyCount "136"]
[EventDate "2007.09.01"]

1. e4 d5 2. exd5 Qxd5 3. d4 Nc6 4. Be3 e5 5. Nc3 Bb4 6. Qd2 Qa5 7. dxe5 Nge7 8.
a3 Bf5 9. O-O-O O-O 10. Bd3 Rfd8 11. Nge2 Bxd3 12. cxd3 Bxc3 13. Qxc3 Qxe5 14.
h3 Qf5 15. Ng3 Qg6 16. Rhe1 Nd5 17. Qc4 Rd7 18. Qe4 Rad8 19. Qxg6 hxg6 20. Ne4
b6 21. Kc2 f6 22. h4 Kf7 23. g3 Ne5 24. Bc1 Nf3 25. Rh1 Ne7 26. Bf4 Nd4+ 27.
Kd2 Ne6 28. Ke2 Nxf4+ 29. gxf4 Rd5 30. Rh3 Rf5 31. Nc3 Rxf4 32. h5 gxh5 33.
Rxh5 Nf5 34. Rh3 Re8+ 35. Kf1 Re3 36. Rh8 Re5 37. Kg2 Nh4+ 38. Kf1 Nf3 39. Ne4
f5 40. Nc3 Rg4 41. Ne2 Rc5 42. Rh3 Ng5 43. d4 Rd5 44. Rhd3 Ne6 45. b4 Ke7 46.
f3 Rh4 47. Kg2 a6 48. Kg3 g5 49. R3d2 Kd7 50. Kf2 Rd6 51. d5 Nf4 52. Nxf4 Rxf4
53. Ke3 Rc4 54. Rh1 Rc3+ 55. Kd4 Rxf3 56. Rh7+ Kc8 57. Rg7 g4 58. Re2 Rf1 59.
Re8+ Kb7 60. Ree7 Rd1+ 61. Ke3 Re1+ 62. Kd4 Rxe7 63. Rxe7 Rg6 64. Ke5 g3 65.
Kxf5 g2 66. Kxg6 g1=Q+ 67. Kf7 Qd4 68. Rd7 Kc8 0-1